Modelo de simulación en computador del funcionamiento de una planta de tratamiento de aguas servidas en base a lechos percoladores de alta tasa
Guardat en:
| Autor principal: | |
|---|---|
| Format: | Llibre |
| Idioma: | espanyol |
| Publicat: |
Santiago
Universidad de Chile
1976
|
| Col·lecció: | Publicación I - 42
|
| Matèries: | |
| Etiquetes: |
Afegir etiqueta
Sense etiquetes, Sigues el primer a etiquetar aquest registre!
|
MARC
| LEADER | 00000nam a2200000 a 4500 | ||
|---|---|---|---|
| 001 | UCU6213 | ||
| 003 | CL-VaPUC | ||
| 008 | 960614e19760000CL |||||||||||||||||spa|d | ||
| 082 | 0 | 4 | |a 628.162 |b ESP |2 21 |
| 100 | 0 | |a Espinoza R., Luis |e author |9 364384 | |
| 245 | 1 | 0 | |a Modelo de simulación en computador del funcionamiento de una planta de tratamiento de aguas servidas en base a lechos percoladores de alta tasa |
| 300 | |a 211 p | ||
| 942 | |c BK | ||
| 945 | |d 19960614 00:00:00 |a paguirre | ||
| 260 | |a Santiago |b Universidad de Chile |c 1976 | ||
| 650 | 0 | |a Aguas residuales |9 262614 | |
| 650 | 0 | |a Residuos |9 343036 | |
| 650 | 0 | |a Tratamiento del agua |9 262889 | |
| 650 | 0 | |a Agua |9 257149 | |
| 650 | 0 | |a Tecnología sanitaria |9 262722 | |
| 650 | 0 | |a Aplicaciones de computadores |9 260401 | |
| 583 | |a last modification |c 19960614 00:00:00 |k Rodrigo Vera | ||
| 490 | 0 | |a Publicación I - 42 | |
| 999 | |c 249230 |d 249228 | ||